Derecho de la seguridad social: sistema jubilatorio, seguros sociales, asignaciones familiares, obras y servicios sociales, servicios de empleo y capacitación profesional, ahorro y mutualismo
Saved in:
| Hovedforfatter: | |
|---|---|
| Format: | Bog |
| Sprog: | spansk |
| Udgivet: |
Buenos Aires
EUDEBA
1966
|
| Serier: | Manuales de EUDEBA. Derecho
|
| Fag: | |
| Tags: |
Tilføj Tag
Ingen Tags, Vær først til at tagge denne postø!
|
MARC
| LEADER | 00000nam a2200000 a 4500 | ||
|---|---|---|---|
| 001 | UCS2252 | ||
| 003 | CL-VaPUC | ||
| 008 | 970523e19660000AG |||||||||||||||||spa|d | ||
| 082 | 0 | 4 | |a 344.02 |b COR |2 21 |
| 100 | 0 | |a Cordini, Miguel Angel |e author |9 387466 | |
| 245 | 1 | 0 | |a Derecho de la seguridad social: sistema jubilatorio, seguros sociales, asignaciones familiares, obras y servicios sociales, servicios de empleo y capacitación profesional, ahorro y mutualismo |
| 300 | |a 209 p | ||
| 942 | |c BK | ||
| 945 | |d 19970523 00:00:00 |a cmena | ||
| 260 | |a Buenos Aires |b EUDEBA |c 1966 | ||
| 650 | 7 | |a DERECHO LABORAL |2 CL-VaPUC |9 15 | |
| 650 | 0 | |a Seguridad social |9 255322 | |
| 650 | 7 | |a PENSIONES |2 CL-VaPUC |9 323807 | |
| 650 | 0 | |a Asignaciones |9 371912 | |
| 650 | 0 | |a Bienestar social |9 255298 | |
| 650 | 7 | |a PROTECCION A LA SALUD |2 CL-VaPUC |9 387467 | |
| 650 | 0 | |a Asignación familiar |9 344930 | |
| 583 | |a last modification |c 20170712 10:30:23 |k Rodrigo Vera | ||
| 490 | 0 | |a Manuales de EUDEBA. Derecho | |
| 999 | |c 260228 |d 260226 | ||
| 952 | |0 0 |1 0 |4 0 |6 344_020000000000000_COR_1966 |7 0 |8 A |9 286153 |a BIBDER |b BIBDER |d 2019-11-19 |i 1858505 |o 344.02 COR 1966 |p 1858505 |r 2023-01-25 |w 2019-11-19 |y BK |k DER | ||
| 952 | |0 0 |1 0 |4 0 |6 344_020000000000000_COR_1966 |7 0 |8 A |9 286154 |a BIBGIM |b BIBGIM |d 2019-11-19 |i 1999451 |o 344.02 COR 1966 |p 1999451 |r 2025-01-15 |w 2019-11-19 |y BK |k SSL | ||